Govt. of
Madhya Pradesh

Normal view MARC view

Entry Topical Term

Number of records used in: 1

001 - CONTROL NUMBER

  • control field: 79722

003 - CONTROL NUMBER IDENTIFIER

  • control field: OSt

005 - DATE AND TIME OF LATEST TRANSACTION

  • control field: 20200922124605.0

008 - FIXED-LENGTH DATA ELEMENTS

  • fixed length control field: 200922|| aca||aabn | a|a d

040 ## - CATALOGING SOURCE

  • Original cataloging agency: OSt
  • Transcribing agency: OSt

150 ## - HEADING--TOPICAL TERM

  • Topical term or geographic name entry element: शिक्षा

670 ## - SOURCE DATA FOUND

  • Source citation: Work cat.: (OSt): कवीन्‍द्र,रागिनी 79721, बाल विकास एवं शिक्षणशास्‍त्र NCERT की पाठ्य पुस्‍तकों पर पूर्णतया आधरित , 2020